|
|
|
|
| LEADER |
00000nam2a2200000 4500 |
| 001 |
85847 |
| 005 |
20250917071649.0 |
| 010 |
|
|
|a 5751119304
|
| 035 |
|
|
|a (RuTPU)RU\TPU\book\92225
|
| 090 |
|
|
|a 85847
|
| 100 |
|
|
|a 20051118d2005 m y0rusy50 ca
|
| 101 |
0 |
|
|a rus
|
| 102 |
|
|
|a RU
|
| 105 |
|
|
|a a j 001zy
|
| 200 |
0 |
|
|a Ч. 3: Оптика. Атомная и ядерная физика
|
| 210 |
|
|
|d 2005
|
| 215 |
|
|
|a 254 с.
|c черт.
|
| 320 |
|
|
|a Библиогр.: с. 249
|
| 461 |
|
1 |
|0 86078
|9 86078
|a Тюрин, Ю. И.
|t Физика. Сборник задач (с решениями)
|o учебное пособие для вузов
|o в 3 ч.
|f Ю. И. Тюрин, В. В. Ларионов, И. П. Чернов
|g Томский государственный университет
|c Томск
|n Изд-во Томского ун-та
|d 2005-
|v Ч. 3: Оптика. Атомная и ядерная физика
|
| 606 |
1 |
|
|a Физика
|2 stltpush
|3 (RuTPU)RU\TPU\subj\63709
|9 80688
|
| 610 |
1 |
|
|a оптика
|
| 610 |
1 |
|
|a атомная физика
|
| 610 |
1 |
|
|a ядерная физика
|
| 610 |
1 |
|
|a геометрическая оптика
|
| 610 |
1 |
|
|a свет
|
| 610 |
1 |
|
|a дифракция
|
| 610 |
1 |
|
|a поляризация
|
| 610 |
1 |
|
|a тепловое излучение
|
| 610 |
1 |
|
|a фотоны
|
| 610 |
1 |
|
|a фотоэффекты
|
| 610 |
1 |
|
|a квантовая механика
|
| 610 |
1 |
|
|a конденсированные среды
|
| 610 |
1 |
|
|a радиоактивность
|
| 610 |
1 |
|
|a ядерные реакции
|
| 610 |
1 |
|
|a масса
|
| 610 |
1 |
|
|a дефекты
|
| 610 |
1 |
|
|a элементарные частицы
|
| 610 |
1 |
|
|a задачи
|
| 610 |
1 |
|
|a решения
|
| 610 |
1 |
|
|a учебные пособия
|
| 610 |
1 |
|
|a труды учёных ТПУ
|
| 675 |
|
|
|a 53(076)
|v 3
|
| 700 |
|
1 |
|a Тюрин
|b Ю. И.
|c физик
|c профессор Томского политехнического университета, доктор физико-математических наук
|f 1950-
|g Юрий Иванович
|9 7810
|
| 701 |
|
1 |
|a Ларионов
|b В. В.
|c физик
|c профессор Томского политехнического университета, доктор педагогических наук
|f 1945-
|g Виталий Васильевич
|9 11273
|
| 701 |
|
1 |
|a Чернов
|b И. П.
|c физик
|c профессор Томского политехнического университета, доктор физико-математических наук
|f 1935-2025
|g Иван Петрович
|x TPU
|y Томск
|9 3694
|
| 801 |
|
1 |
|a RU
|b 63413507
|c 20051118
|g PSBO
|
| 801 |
|
2 |
|a RU
|b 63413507
|c 20211203
|g PSBO
|
| 850 |
|
|
|a 63413507
|
| 942 |
|
|
|c BK
|